01065 2200349 4500001002100000005001500021035002000036007000300056008004100059020001800100082001400118084002000132100004600152245006800198250001900266300002500285520013600310600002000446264003100466336002100497337003000518338002300548990001600571990001600587990001600603990001600619990001600635990001600651990001600667990001600683990001600699INLIS00000000000002520260427025658 a0010-0426000024ta260427 e 1 ind  a9786020531373 a899.221 3 a899.221 3 ZIG j0 aZiggy ZezsyazeoviennazabrizkieePengarang1 aJakarta sebelum pagi /cPenulis, Ziggy Zezsyazeoviennazabrizkie aCetakan keenam a258 halaman ;c20 cm aKetika tanda rasa takut Emina mencoba menelusuri jejak sang stalker, pencariannya mengantarkan dirinya kepada gadis kecil misterius 4aFiksi Indonesia aJakarta :bGrasindo,c2025 2rdacontentaTeks 2rdamediaaTanpa Perantara 2rdacarrieraVolume aPP000012/25 aAT000078/25 aSP000115/25 aPC000051/25 aTT000436/25 aPT000611/25 aAP000613/25 aPP000742/25 aNM003561/25